000 00476nam a2200181Ia 4500
001 11372
005 20260306162823.0
008 260306t2021||||xx |||||||||||||| ||spa||
041 _aESP
082 _a985.04
_bB141I
100 _aMiller, John,
_eAUT
245 0 _aMemorias del general Miller al servicio de la República del Perú :
_b(selección)
260 _c2021
300 _a364 páginas :
_c20 cm.
650 _aGEN
654 _aCHU
942 _cLIB
_dJUS
_fJUS
_2ddc
_n
999 _c11372
_d11372